| 000 | 00433nam a2200145Ia 4500 | ||
|---|---|---|---|
| 005 | 20250307014327.0 | ||
| 008 | 240331s9999 xx 000 0 und d | ||
| 082 |
_bVAN _23465 _a894.811 |
||
| 245 | 0 | _aVanathi Srappuch Sirukathaikal | |
| 260 |
_aChennai, _bVaanathi Pathippagam, _c1992 |
||
| 300 | _axii, 335 p., (Volume 4) | ||
| 500 | _aA collection of short stories by a group of young writers. | ||
| 700 |
_aMakaram _eedt |
||
| 942 | _cL | ||
| 999 |
_c4182 _d4182 |
||